000 00580nam a2200193Ii 4500
003 JO-AjNU
008 230605s9999||||xx |||||||||||||| ||und||
040 _aJO-AjNU
_bara
_erda
_cJO-AjNU
041 _aara
050 1 4 _aPJ7862 2007
100 3 _aتأليف البديرات،سالم عبد,
_eauthor
_918136
245 0 0 _aأوراق الخريف: ديوان شعر
264 3 1 _aد.م:د.ن،2007
300 _a146ص
336 _atext
_btxt
_2rdacontent
337 _aunmediated
_bn
_2rdamedia
338 _avolume
_bnc
_2rdacarrier
650 4 _aالشعر العربي
_918137
999 _aA5743
_c9311
_d9311